Distributed algorithms. 3rd int. workshop, Nice, France, September 26-28, 1989. Proc /

Guardado en:
Detalles Bibliográficos
Otros Autores: Bermond, J.-C (Compilador)
Formato: Libro
Lenguaje:inglés
Publicado: Berlin : Springer Verlag, 1989
Colección:Lecture Notes in Computer Science 392
Etiquetas: Agregar Etiqueta
Sin Etiquetas, Sea el primero en etiquetar este registro!

MARC

LEADER 00000nam a22000003a 4500
001 stu510
005 20150617225618.1
008 910530s1989----gw------------------eng-d
040 |a STU  |b slo 
041 0 |a eng 
044 |a gw 
080 |a 519.712 
080 |a 681.324.013 
080 |a 061.3(08) 
100 1 |a Bermond, J.-C.  |4 com 
245 1 |a Distributed algorithms. 3rd int. workshop, Nice, France, September 26-28, 1989. Proc /  |c Edit.: Bermond,J.-C. and o 
260 |a Berlin :  |b Springer Verlag,  |c 1989 
300 |a 314 s 
830 0 |a Lecture Notes in Computer Science  |v 392 
996 |c I*Z4211  |l I  |s A  |a 24  |w stu510_0001